000 00609cam a2200145 4500500
005 20251228073733.0
041 _afre
042 _adc
100 1 0 _aCassimatis, Hélène
_eauthor
245 0 0 _aOrlando Medica Assunta, Le scienze geo-archeologiche e bibliotecarie al servizio della Scuola, Maglie, Kollemata, 2005, 1 vol. 17 × 24, 102 p., 19 fig. ds t., 6 pl. h. t.
260 _c2007.
500 _a10
786 0 _nRevue archéologique | 44 | 2 | 2007-12-01 | p. 319zg-438zg | 0035-0737
856 4 1 _uhttps://shs.cairn.info/revue-archeologique-2007-2-page-319zg?lang=fr&redirect-ssocas=7080
999 _c1595833
_d1595833